[Event "Biel International Chess Festival - Main"]
[Site "Biel, Switzerland"]
[Date "2023.07.19"]
[Round "3.1"]
[White "Vihan, Shourya"]
[Black "Khanabiev, Alexey"]
[Result "0-1"]
[WhiteElo "1952"]
[BlackElo "2079"]
[PlyCount "84"]
[EventDate "2023.??.??"]

{[%evp 0,34,18,27,27,-10,49,43,45,60,79,59,85,82,117,53,53,59,57,10,24,28,68,37,184,171,159,81,81,81,61,49,0,0,0,0,0]} 1. d4 {[%emt 0:00:03]} Nf6 {[%emt 0:00:20]} 2. c4 {[%emt 0:00:05]} c5 {[%emt 0:00:17]} 3. d5 {[%emt 0:00:07]} e6 {[%emt 0:00:11]} 4. Nc3 {[%emt 0:00:07]} exd5 {[%emt 0:00:10]} 5. cxd5 {[%emt 0:00:06]} d6 {[%emt 0:00:05]} 6. e4 {[%emt 0:00:11]} g6 {[%emt 0:00:06]} 7. f4 {[%emt 0:00:08]} Bg7 {[%emt 0:00:13]} 8. Bb5+ {[%emt 0:00:18]} Nfd7 {[%emt 0:00:16]} 9. a4 {[%emt 0:00:29]} O-O {[%emt 0:00:19]} 10. Nf3 {[%emt 0:03:20]} f5 {[%emt 0:04:14]} 11. Ng5 {[%emt 0:11:18]} Nb6 {[%emt 0:15:55]} 12. a5 {[%emt 0:13:17]} h6 {[%emt 0:00:27]} 13. axb6 {[%emt 0:06:14]} Qxb6 {[%emt 0:00:37]} 14. Ne6 {[%emt 0:01:45]} Bxe6 {[%emt 0:01:00]} 15. dxe6 {[%emt 0:00:04]} Bxc3+ {[%emt 0:00:42]} 16. bxc3 {[%emt 0:00:29]} Qxb5 {[%emt 0:00:02]} 17. e7 {[%emt 0:12:54]} Re8 {[%emt 0:28:59]} 18. Qxd6 {[%emt 0:10:42]} Kf7 {[%emt 0:06:54]} 19. e5 {[%emt 0:02:49]} Qc6 {[%emt 0:02:40]} 20. Be3 {[%emt 0:06:36]} b6 {[%emt 0:07:56]} 21. e6+ {[%emt 0:04:36]} Kf6 {[%emt 0:07:16]} 22. Qe5+ {[%emt 0:02:07]} Kxe7 {[%emt 0:00:02]} 23. Qg7+ {[%emt 0:02:10]} Kd8 {[%emt 0:05:25]} 24. O-O-O+ {[%emt 0:02:55]} Kc8 {[%emt 0:00:19]} 25. e7 {[%emt 0:01:29]} Nd7 {[%emt 0:07:49]} 26. Rd3 {[%emt 0:05:41]} Qf6 {[%emt 0:00:41]} 27. Qxf6 {[%emt 0:05:10]} Nxf6 {[%emt 0:00:02]} 28. Bf2 {[%emt 0:01:57]} Ne4 {[%emt 0:01:10]} 29. Bh4 {[%emt 0:02:07]} g5 {[%emt 0:00:02]} 30. fxg5 {[%emt 0:00:32]} hxg5 {[%emt 0:00:01]} 31. Bxg5 {[%emt 0:01:31]} Nxg5 {[%emt 0:00:08]} 32. h4 {[%emt 0:00:24]} Ne4 {[%emt 0:00:15]} 33. Rf3 {[%emt 0:01:25]} Rxe7 {[%emt 0:01:10]} 34. Rxf5 {[%emt 0:02:10]} Ng3 {[%emt 0:01:32]} 35. Rf8+ {[%emt 0:00:04]} Kb7 {[%emt 0:00:12]} 36. Rxa8 {[%emt 0:00:07]} Nxh1 {[%emt 0:00:37]} 37. Rh8 {[%emt 0:00:48]} Rg7 {[%emt 0:00:13]} 38. h5 {[%emt 0:00:17]} Rxg2 {[%emt 0:00:02]} 39. h6 {[%emt 0:01:41]} Rh2 {[%emt 0:00:03]} 40. h7 {[%emt 0:00:14]} Nf2 {[%emt 0:01:07]} 41. c4 {[%emt 0:00:39]} Nd3+ {[%emt 0:01:26]} 42. Kb1 {[%emt 0:00:10]} Nb4 {[%emt 0:01:17]} 0-1

[Event "Biel International Chess Festival - Main"]
[Site "Biel, Switzerland"]
[Date "2023.07.19"]
[Round "3.2"]
[White "Malli, Shiivesh Sunil"]
[Black "Novalic, Miralem"]
[Result "0-1"]
[WhiteElo "1835"]
[BlackElo "2028"]
[PlyCount "100"]
[EventDate "2023.??.??"]

{[%evp 0,40,18,-3,-10,-19,8,4,17,23,33,19,20,18,16,7,28,27,40,40,24,15,22,24,21,-11,-15,-38,-32,-65,-44,-55,-37,-62,-52,-84,-39,-36,-34,-35,-33,-39,-25]} 1. c4 {[%emt 0:00:05]} Nf6 {[%emt 0:00:20]} 2. Nc3 {[%emt 0:00:07]} e6 {[%emt 0:00:52]} 3. d4 {[%emt 0:01:29]} Bb4 {[%emt 0:00:07]} 4. Bd2 {[%emt 0:01:32]} b6 {[%emt 0:00:51]} 5. Nf3 {[%emt 0:00:56]} Bb7 {[%emt 0:00:26]} 6. e3 {[%emt 0:01:02]} O-O {[%emt 0:00:28]} 7. Bd3 {[%emt 0:01:52]} d5 {[%emt 0:00:40]} 8. cxd5 {[%emt 0:03:05]} exd5 {[%emt 0:00:42]} 9. O-O {[%emt 0:00:16]} Nbd7 {[%emt 0:00:40]} 10. Rc1 {[%emt 0:00:23]} a6 {[%emt 0:00:18]} 11. Re1 {[%emt 0:04:20]} Re8 {[%emt 0:01:16]} 12. Ne2 {[%emt 0:09:18]} Bd6 {[%emt 0:01:07]} 13. Ng3 {[%emt 0:00:17]} g6 {[%emt 0:00:22]} 14. Qb3 {[%emt 0:03:05]} Qe7 {[%emt 0:03:00]} 15. Bc3 {[%emt 0:13:29]} Rac8 {[%emt 0:09:22]} 16. Bb1 {[%emt 0:02:17]} Ne4 {[%emt 0:12:35]} 17. Nd2 {[%emt 0:08:43]} Ndf6 {[%emt 0:02:53]} 18. Ngxe4 {[%emt 0:03:25]} dxe4 {[%emt 0:02:46]} 19. Qd1 {[%emt 0:02:35]} b5 {[%emt 0:02:04]} 20. a3 {[%emt 0:04:17]} Bd5 {[%emt 0:01:39]} 21. b4 {[%emt 0:01:39]} a5 {[%emt 0:01:16]} 22. bxa5 {[%emt 0:00:53]} Bxa3 {[%emt 0:00:18]} 23. Rc2 {[%emt 0:00:24]} b4 {[%emt 0:00:27]} 24. Bb2 {[%emt 0:00:30]} b3 {[%emt 0:00:44]} 25. Rc5 {[%emt 0:03:51]} Bxb2 {[%emt 0:01:26]} 26. Rxd5 {[%emt 0:00:40]} Nxd5 {[%emt 0:00:36]} 27. Qxb3 {[%emt 0:00:02]} Qb4 {[%emt 0:00:12]} 28. Qxd5 {[%emt 0:01:38]} Qxd2 {[%emt 0:00:19]} 29. Rf1 {[%emt 0:00:30]} c6 {[%emt 0:00:40]} 30. Qb3 {[%emt 0:00:41]} Rb8 {[%emt 0:00:33]} 31. Qa4 {[%emt 0:00:39]} Qc3 {[%emt 0:00:19]} 32. a6 {[%emt 0:00:57]} Rb4 {[%emt 0:00:47]} 33. Qa5 {[%emt 0:00:23]} Qa3 {[%emt 0:00:34]} 34. Qc5 {[%emt 0:00:39]} Qc3 {[%emt 0:00:37]} 35. Qa5 {[%emt 0:00:33]} Rc4 {[%emt 0:03:26]} 36. Qc7 {[%emt 0:00:22]} Qa3 {[%emt 0:02:12]} 37. a7 {[%emt 0:01:44]} Ra4 {[%emt 0:01:54]} 38. Qxc6 {[%emt 0:00:35]} Re6 {[%emt 0:00:57]} 39. Qa8+ {[%emt 0:03:38]} Kg7 {[%emt 0:00:29]} 40. Bxe4 {[%emt 0:00:11]} Rxa7 {[%emt 0:00:15]} 41. Qd5 {[%emt 0:00:06]} Qa5 {[%emt 0:00:48]} 42. Qb3 {[%emt 0:00:08]} Qb6 {[%emt 0:00:56]} 43. Qc2 {[%emt 0:01:18]} Rc7 {[%emt 0:00:26]} 44. Qd3 {[%emt 0:01:15]} Rc3 {[%emt 0:00:21]} 45. Qb1 {[%emt 0:00:01]} Ba3 {[%emt 0:00:30]} 46. Qa1 {[%emt 0:01:34]} Qb2 {[%emt 0:00:11]} 47. Bd5 {[%emt 0:00:21]} Qxa1 {[%emt 0:00:21]} 48. Rxa1 {[%emt 0:00:18]} Rd6 {[%emt 0:00:06]} 49. Bf3 {[%emt 0:01:11]} Rc1+ {[%emt 0:00:22]} 50. Rxc1 {[%emt 0:00:18]} Bxc1 {[%emt 0:00:10]} 0-1

[Event "Biel International Chess Festival - Main"]
[Site "Biel, Switzerland"]
[Date "2023.07.19"]
[Round "3.3"]
[White "Long, Siyu"]
[Black "Mirski, Michal"]
[Result "0-1"]
[WhiteElo "1805"]
[BlackElo "1993"]
[PlyCount "68"]
[EventDate "2023.??.??"]
[WhiteClock "0:18:01"]
[BlackClock "0:13:16"]

{[%evp 0,68,18,13,51,51,56,26,35,40,49,31,49,37,77,25,42,23,123,130,124,117,108,92,77,90,87,-17,37,35,-9,-32,-17,13,-21,-30,-30,-30,-35,-62,-68,-97,-87,-92,-90,-142,-106,-127,-70,-170,-79,-102,-117,-94,-117,-113,-85,-104,-126,-120,-129,-159,-158,-153,-157,-148,-146,-315,-319,-317,-320]} 1. e4 {[%emt 0:00:28]} c5 {[%emt 0:00:10]} 2. Nf3 {[%emt 0:00:28]} Nc6 {[%emt 0:00:13]} 3. d4 {[%emt 0:00:09]} cxd4 {[%emt 0:00:05]} 4. Nxd4 {[%emt 0:00:10]} Nf6 {[%emt 0:00:04]} 5. Nc3 {[%emt 0:00:21]} d6 {[%emt 0:00:05]} 6. Be3 {[%emt 0:02:01]} Ng4 {[%emt 0:01:12]} 7. Bc1 {[%emt 0:02:56]} Qb6 {[%emt 0:02:32]} 8. Bb5 {[%emt 0:02:31]} e5 {[%emt 0:29:52]} 9. Nd5 {[%emt 0:05:29]} Qxd4 {[%emt 0:01:18]} 10. Qxd4 {[%emt 0:02:57]} exd4 {[%emt 0:00:09]} 11. Nc7+ {[%emt 0:00:37]} Kd8 {[%emt 0:00:25]} 12. Nxa8 {[%emt 0:00:13]} Bd7 {[%emt 0:03:24]} 13. f3 {[%emt 0:04:52]} Ne3 {[%emt 0:04:49]} 14. Bxe3 {[%emt 0:00:51]} dxe3 {[%emt 0:00:05]} 15. Rd1 {[%emt 0:02:08]} Be7 {[%emt 0:03:51]} 16. c4 {[%emt 0:04:21]} Kc8 {[%emt 0:10:02]} 17. Ke2 {[%emt 0:06:12]} Kb8 {[%emt 0:03:39]} 18. Kxe3 {[%emt 0:01:29]} Rd8 {[%emt 0:04:37]} 19. Nb6 {[%emt 0:09:08]} axb6 {[%emt 0:00:17]} 20. f4 {[%emt 0:01:51]} Kc7 {[%emt 0:00:49]} 21. Rd2 {[%emt 0:01:51]} f5 {[%emt 0:02:17]} 22. h3 {[%emt 0:06:25]} Bf6 {[%emt 0:01:23]} 23. Rhd1 {[%emt 0:03:22]} fxe4 {[%emt 0:04:58]} 24. g4 {[%emt 0:06:25]} g5 {[%emt 0:02:21]} 25. Rxd6 {[%emt 0:05:35]} gxf4+ {[%emt 0:02:08]} 26. Kxe4 {[%emt 0:00:46]} Bxb2 {[%emt 0:00:58]} 27. R6d2 {[%emt 0:01:24]} Bf6 {[%emt 0:07:55]} 28. Kxf4 {[%emt 0:01:14]} Bh4 {[%emt 0:00:46]} 29. Rd5 {[%emt 0:05:52]} Rf8+ {[%emt 0:00:35]} 30. Ke4 {[%emt 0:01:28]} Be8 {[%emt 0:00:26]} 31. Ke3 {[%emt 0:02:52]} Bf2+ {[%emt 0:01:48]} 32. Ke2 {[%emt 0:00:32]} Bc5 {[%emt 0:00:31]} 33. Rf5 {[%emt 0:01:32]} Rxf5 {[%emt 0:00:29]} 34. gxf5 {[%emt 0:00:47]} Bh5+ {[%emt 0:00:06]} 0-1

[Event "Biel International Chess Festival - Main"]
[Site "Biel, Switzerland"]
[Date "2023.07.19"]
[Round "3.4"]
[White "Mamalis, Prokopios"]
[Black "Sai, Mahati A"]
[Result "1-0"]
[WhiteElo "2146"]
[BlackElo "1669"]
[PlyCount "107"]
[EventDate "2023.??.??"]

{[%evp 0,19,18,13,56,56,35,48,5,7,23,36,61,40,45,55,102,107,90,80,143,136]} 1. e4 {[%emt 0:00:06]} c5 {[%emt 0:06:48]} 2. Nc3 {[%emt 0:00:11]} e6 {[%emt 0:00:06]} 3. d4 {[%emt 0:00:06]} cxd4 {[%emt 0:00:13]} 4. Qxd4 {[%emt 0:00:09]} Nc6 {[%emt 0:00:12]} 5. Qd3 {[%emt 0:00:17]} Qc7 {[%emt 0:05:12]} 6. Nb5 {[%emt 0:14:05]} Qb8 {[%emt 0:05:27]} 7. Qg3 {[%emt 0:00:32]} Qxg3 {[%emt 0:07:06]} 8. hxg3 {[%emt 0:00:09]} Kd8 {[%emt 0:01:38]} 9. Bf4 {[%emt 0:06:34]} e5 {[%emt 0:05:55]} 10. Bg5+ {[%emt 0:00:14]} Nf6 {[%emt 0:07:50]} 11. Bc4 {[%emt 0:05:06]} a6 {[%emt 0:07:53]} 12. Nc3 {[%emt 0:01:15]} Nd4 {[%emt 0:03:38]} 13. O-O-O {[%emt 0:09:12]} Be7 {[%emt 0:01:03]} 14. Bxf6 {[%emt 0:01:39]} Bxf6 {[%emt 0:00:16]} 15. Bxf7 {[%emt 0:00:10]} Rf8 {[%emt 0:00:31]} 16. Bd5 {[%emt 0:04:04]} Bg5+ {[%emt 0:02:08]} 17. f4 {[%emt 0:01:51]} Bh6 {[%emt 0:04:14]} 18. Kb1 {[%emt 0:00:58]} d6 {[%emt 0:04:45]} 19. Nf3 {[%emt 0:02:55]} Nxf3 {[%emt 0:04:05]} 20. gxf3 {[%emt 0:00:08]} exf4 {[%emt 0:04:12]} 21. g4 {[%emt 0:01:08]} Bg5 {[%emt 0:06:04]} 22. Rxh7 {[%emt 0:00:39]} Bf6 {[%emt 0:00:05]} 23. Ne2 {[%emt 0:02:09]} Be5 {[%emt 0:05:45]} 24. Nd4 {[%emt 0:00:36]} Ke7 {[%emt 0:01:38]} 25. c3 {[%emt 0:01:17]} Rb8 {[%emt 0:01:02]} 26. Rdh1 {[%emt 0:01:34]} Bd7 {[%emt 0:00:52]} 27. R1h5 {[%emt 0:01:00]} b5 {[%emt 0:01:50]} 28. R5h6 {[%emt 0:05:39]} b4 {[%emt 0:04:43]} 29. Nf5+ {[%emt 0:08:30]} Bxf5 {[%emt 0:01:10]} 30. exf5 {[%emt 0:00:48]} bxc3 {[%emt 0:03:24]} 31. b3 {[%emt 0:00:07]} Rb5 {[%emt 0:02:20]} 32. Be4 {[%emt 0:02:08]} Rc5 {[%emt 0:00:32]} 33. Kc2 {[%emt 0:00:14]} Kd8 {[%emt 0:02:32]} 34. Rg6 {[%emt 0:01:26]} Rc7 {[%emt 0:00:32]} 35. Rg5 {[%emt 0:02:29]} a5 {[%emt 0:00:43]} 36. a4 {[%emt 0:00:11]} Re7 {[%emt 0:00:06]} 37. Rgh5 {[%emt 0:00:22]} Bd4 {[%emt 0:00:46]} 38. Rh1 {[%emt 0:01:15]} Rfe8 {[%emt 0:00:20]} 39. Rd1 {[%emt 0:01:32]} Be5 {[%emt 0:01:13]} 40. Rd5 {[%emt 0:00:57]} Ra7 {[%emt 0:00:47]} 41. g5 {[%emt 0:04:51]} Ree7 {[%emt 0:10:01]} 42. Rb5 {[%emt 0:02:56]} Bd4 {[%emt 0:04:28]} 43. Kd3 {[%emt 0:19:08]} Be5 {[%emt 0:03:48]} 44. Bd5 {[%emt 0:11:43]} c2 {[%emt 0:04:43]} 45. Kxc2 {[%emt 0:00:38]} Rac7+ {[%emt 0:00:12]} 46. Kd1 {[%emt 0:02:27]} Rc5 {[%emt 0:02:50]} 47. Rb8+ {[%emt 0:06:12]} Kd7 {[%emt 0:00:22]} 48. Rb7+ {[%emt 0:00:29]} Rc7 {[%emt 0:00:14]} 49. Rxc7+ {[%emt 0:00:59]} Kxc7 {[%emt 0:00:01]} 50. f6 {[%emt 0:00:09]} Rd7 {[%emt 0:00:39]} 51. Be6 {[%emt 0:00:12]} Rd8 {[%emt 0:00:31]} 52. fxg7 {[%emt 0:00:17]} Bxg7 {[%emt 0:00:27]} 53. Rxg7+ {[%emt 0:00:07]} Kc6 54. Rg8 {[%emt 0:00:19]} 1-0

[Event "Main Tournament (HTO)"]
[Site "Biel/Bienne"]
[Date "2023.07.19"]
[Round "3.5"]
[White "Wiesmann, Dominique"]
[Black "Brait, Wolfgang"]
[Result "1-0"]
[WhiteElo "1964"]
[BlackElo "1915"]
[PlyCount "71"]
[EventDate "2023.07.17"]

1. Nf3 g6 2. g3 Bg7 3. Bg2 d6 4. d4 Nf6 5. b3 c6 6. Bb2 O-O 7. O-O Bg4 8. c4 Bxf3 9. Bxf3 d5 10. Nc3 e6 11. cxd5 exd5 12. b4 Re8 13. e3 Nbd7 14. b5 Nb6 15. bxc6 bxc6 16. Ba3 Nc4 17. Bc5 Nd7 18. Na4 Qa5 19. Be2 Ncb6 20. Bxb6 axb6 21. Nb2 c5 22. a4 c4 23. Qc2 Nf6 24. Bf3 Rac8 25. Rfb1 Ne4 26. Bxe4 Rxe4 27. Nd3 g5 28. Rb5 Qa8 29. Nb4 Rce8 30. Rxd5 b5 31. a5 h6 32. a6 Bf8 33. Rxb5 R4e6 34. Nd5 Rxa6 35. Nf6+ Kh8 36. Qh7# 1-0

[Event "Main Tournament (HTO)"]
[Site "Biel/Bienne"]
[Date "2023.07.19"]
[Round "3.6"]
[White "Materia, Matteo"]
[Black "Hansel, Rainer"]
[Result "0-1"]
[WhiteElo "1780"]
[BlackElo "1905"]
[PlyCount "82"]
[EventDate "2023.07.17"]

1. e4 e5 2. Nf3 Nc6 3. Nc3 Nf6 4. d4 exd4 5. Nxd4 Bb4 6. Nxc6 bxc6 7. Bd3 d5 8. exd5 cxd5 9. O-O O-O 10. h3 Qd6 11. Qf3 Bb7 12. Bg5 Bxc3 13. bxc3 Ne4 14. Bf4 Qc6 15. Bxe4 dxe4 16. Qg3 Rac8 17. Rad1 h6 18. Rd4 Rfe8 19. Rfd1 Re6 20. Qe3 g5 21. Rd8+ Re8 22. Rxc8 Bxc8 23. Qg3 Bb7 24. h4 f6 25. hxg5 fxg5 26. Be5 e3 27. f4 Kh7 28. Qg4 Bc8 29. Qh5 Qg6 30. Qf3 Qxc2 31. Re1 Bb7 32. Qxb7 Qf2+ 33. Kh2 Qh4+ 34. Kg1 Qxe1+ 35. Kh2 Qh4+ 36. Kg1 Qf2+ 37. Kh2 Rxe5 38. Qxc7+ Kg6 39. fxe5 e2 40. Qc6+ Kh5 41. Qe8+ Kh4 0-1

[Event "Main Tournament (HTO)"]
[Site "Biel/Bienne"]
[Date "2023.07.19"]
[Round "3.7"]
[White "Arbinger, Roland"]
[Black "Kumar, Asha"]
[Result "1-0"]
[WhiteElo "2063"]
[BlackElo "1823"]
[PlyCount "71"]
[EventDate "2023.07.17"]

1. d4 d5 2. Nf3 c5 3. dxc5 e6 4. e3 Bxc5 5. a3 Nf6 6. b4 Be7 7. Bb2 O-O 8. Nbd2 a6 9. c4 dxc4 10. Nxc4 b5 11. Na5 Nd5 12. Qb3 Bd6 13. e4 Nf4 14. Rd1 Qe7 15. Qc3 f6 16. g3 Ng6 17. Bg2 Bc7 18. Nb3 e5 19. Nc5 Bb6 20. O-O Bxc5 21. Qxc5 Qxc5 22. bxc5 Nd7 23. Rc1 Ne7 24. Rfd1 Nb8 25. Ne1 Be6 26. Rd6 Bc4 27. Bh3 Ra7 28. f4 Nbc6 29. Nf3 Be2 30. Be6+ Kh8 31. Nd2 exf4 32. gxf4 Nd8 33. Bb3 Nc8 34. Rd5 Ne7 35. Kf2 Bh5 36. Rxh5 1-0

[Event "Main Tournament (HTO)"]
[Site "Biel/Bienne"]
[Date "2023.07.19"]
[Round "3.8"]
[White "Koestinger, Paul"]
[Black "Scherler, Julius"]
[Result "1/2-1/2"]
[WhiteElo "2023"]
[BlackElo "1860"]
[PlyCount "98"]
[EventDate "2023.07.17"]

1. d4 d5 2. c4 e6 3. Nc3 c5 4. cxd5 cxd4 5. Qxd4 Nc6 6. Qd1 exd5 7. e3 Nf6 8. Nf3 Bb4 9. Bd2 O-O 10. Be2 Ne4 11. a3 Bxc3 12. Bxc3 Nxc3 13. bxc3 Qf6 14. Rc1 Rd8 15. O-O Bg4 16. Ne1 Bxe2 17. Qxe2 Rac8 18. Nf3 h6 19. Rfd1 a6 20. a4 Ne5 21. Nxe5 Qxe5 22. Rd4 Rc6 23. Qd3 Rdc8 24. f4 Qc7 25. Rxd5 g6 26. Rd7 Qa5 27. Kf2 Rxc3 28. Rxc3 Qxc3 29. Qxc3 Rxc3 30. Rxb7 Rc4 31. a5 Rc5 32. Rb6 Rxa5 33. Kf3 h5 34. h3 Kg7 35. g4 hxg4+ 36. hxg4 Ra4 37. g5 a5 38. Rb5 Ra1 39. Ke4 a4 40. Kd3 a3 41. Ra5 a2 42. Ke4 Kf8 43. Ke5 Re1 44. Ra8+ Kg7 45. Rxa2 Rxe3+ 46. Kd5 Re1 47. Ra4 Rd1+ 48. Ke5 Re1+ 49. Re4 Ra1 1/2-1/2

[Event "Main Tournament (HTO)"]
[Site "Biel/Bienne"]
[Date "2023.07.19"]
[Round "3.9"]
[White "Yang, Andersen"]
[Black "Al Maamari, Wafia Darwish"]
[Result "0-1"]
[WhiteElo "1955"]
[BlackElo "1850"]
[PlyCount "176"]
[EventDate "2023.07.17"]

{[%evp 0,94,20,18,65,65,62,6,16,16,30,30,29,14,18,21,21,-2,2,-1,-1,-7,-1,-7,-16,-3,-9,-8,4,-2,7,-18,-13,-8,-13,-24,-30,-33,-26,-30,-30,-30,-19,-67,-21,-4,81,8,12,24,39,-3,-3,0,24,24,22,0,0,0,12,0,15,17,40,36,27,-1,21,0,55,24,20,12,20,9,9,-47,53,-43,-43,-48,-49,-54,-33,-40,-45,-45,-45,-37,-43,-61,-60,-78,-78,-78,-74]} 1. e4 c5 2. Nf3 Nc6 3. c3 Nf6 4. e5 Nd5 5. d4 cxd4 6. Bc4 Nb6 7. Bb3 d5 8. cxd4 Bg4 9. Be3 e6 10. O-O Be7 11. Nc3 O-O 12. h3 Bh5 13. Rc1 Na5 14. Bc2 Nac4 15. Rb1 Nxe3 16. fxe3 Nc4 17. Qe1 Bg5 18. Nd1 f5 19. Nxg5 Qxg5 20. Rf4 Qh6 21. h4 Kh8 22. Nf2 Bg4 23. g3 Bh5 24. Nh3 Qg6 25. Kh2 h6 26. Rf1 Qe8 27. Kg2 Bg4 28. Nf2 Qh5 29. Nxg4 Qxg4 30. Rf4 Qh5 31. Bd1 Qe8 32. b3 Nb6 33. Rb2 Rc8 34. Be2 g5 35. hxg5 hxg5 36. Rf1 g4 37. Rh1+ Kg7 38. Rh4 Qg6 39. Qh1 Rh8 40. Bd3 Qg5 41. Qe1 Rh6 42. Rc2 Rxc2+ 43. Bxc2 Rxh4 44. gxh4 Qe7 45. Kg3 Kh6 46. Qc1 Kh5 47. Qh1 Nd7 48. Bd1 Nf8 49. Be2 Ng6 50. Qh3 Qxh4+ 51. Qxh4+ Nxh4 52. Bb5 Ng6 53. Bd7 Nf8 54. Bc8 b6 55. b4 Kg6 56. a3 Kf7 57. Ba6 Ke7 58. Be2 Nd7 59. b5 Nf8 60. a4 Ng6 61. Bd3 Nh8 62. Kf4 Nf7 63. Be2 Nd8 64. Bf1 Nb7 65. Bd3 Na5 66. Bc2 Nc4 67. Bb3 Nb2 68. Bc2 Kf7 69. Kg3 Kg6 70. Kf4 Kh5 71. Bb1 Kh4 72. Bc2 Kh3 73. Bb3 g3 74. a5 g2 75. Bxd5 exd5 76. axb6 axb6 77. Kxf5 g1=Q 78. Ke6 Qxe3 79. Kxd5 Nd3 80. Kc6 Qxd4 81. Kb7 Qxe5 82. Ka6 Nc5+ 83. Kxb6 Qd6+ 84. Ka5 Nb7+ 85. Ka4 Qb6 86. Ka3 Qxb5 87. Ka2 Nc5 88. Ka1 Nd3 0-1

[Event "Main Tournament (HTO)"]
[Site "Biel/Bienne"]
[Date "2023.07.19"]
[Round "3.10"]
[White "Aegerter, Fabrice"]
[Black "Zargarov, Mikayel"]
[Result "1-0"]
[WhiteElo "1844"]
[BlackElo "1951"]
[PlyCount "67"]
[EventDate "2023.07.17"]

1. d4 d5 2. Bf4 e6 3. Nf3 Nf6 4. e3 c5 5. Bd3 Nc6 6. c3 Bd6 7. Bg3 O-O 8. Nbd2 b6 9. Qc2 Bb7 10. Ne5 c4 11. Be2 Ne7 12. Bh4 Nf5 13. Bxf6 Qxf6 14. Nd7 Qg5 15. Nxf8 Qxg2 16. Bf3 Qh3 17. Nxh7 Kxh7 18. O-O-O g6 19. Rdg1 Qh4 20. Nxc4 Bc7 21. Ne5 Bxe5 22. dxe5 Rc8 23. Rg4 Qh3 24. Qe2 Ba6 25. Qd1 Nh6 26. Rf4 Rc7 27. Bg4 Qh4 28. Bxe6 Qe7 29. Bxd5 Qxe5 30. Qd4 Qd6 31. Rh4 Rd7 32. Rg1 Qxd5 33. Rxh6+ Kxh6 34. Qh8# 1-0

[Event "Main Tournament (HTO)"]
[Site "Biel/Bienne"]
[Date "2023.07.19"]
[Round "3.11"]
[White "Ernst, Heinz"]
[Black "Kuenzli, Simon"]
[Result "0-1"]
[WhiteElo "1699"]
[BlackElo "1930"]
[PlyCount "80"]
[EventDate "2023.07.17"]

1. d4 d5 2. c4 c6 3. Nf3 Nf6 4. Nc3 e6 5. Bg5 dxc4 6. e4 b5 7. e5 h6 8. Bh4 g5 9. Nxg5 hxg5 10. Bxg5 Nbd7 11. g3 Bb7 12. Bg2 Qb6 13. exf6 O-O-O 14. O-O c5 15. Bxb7+ Qxb7 16. a4 b4 17. Nb5 a6 18. Qe2 axb5 19. axb5 Nb6 20. dxc5 Bxc5 21. h4 Rd3 22. Be3 Qe4 23. Rfe1 Bxe3 24. fxe3 Rhd8 25. Qh5 R3d5 26. Qe2 Rd2 27. Qf1 Qg4 28. Qf4 Qxf4 29. exf4 R8d3 30. Ra7 Rxg3+ 31. Kh1 Rd7 32. Rxd7 Kxd7 33. Ra1 c3 34. Ra7+ Kd6 35. bxc3 b3 36. Rxf7 b2 37. Kh2 Rg4 38. Rg7 Rxh4+ 39. Kg3 Rh6 40. f7 Rf6 0-1

[Event "Main Tournament (HTO)"]
[Site "Biel/Bienne"]
[Date "2023.07.19"]
[Round "3.12"]
[White "Yang, Adelynne"]
[Black "Oestmann, Lukas"]
[Result "0-1"]
[WhiteElo "1923"]
[BlackElo "1760"]
[PlyCount "80"]
[EventDate "2023.07.17"]

1. d4 Nf6 2. c4 c5 3. Nf3 cxd4 4. Nxd4 e5 5. Nb5 d5 6. cxd5 Bc5 7. N5c3 O-O 8. g3 Qb6 9. e3 Bf5 10. Bg2 e4 11. O-O Nbd7 12. Na4 Qd6 13. Nbc3 a6 14. b3 Ba7 15. Nb2 b5 16. a3 Rac8 17. Bd2 Rfe8 18. b4 Qe5 19. Qb3 Nb6 20. Rac1 Nfxd5 21. Nbd1 Nc4 22. Be1 Nf6 23. Ne2 Nd5 24. Ndc3 Ndxe3 25. fxe3 Bxe3+ 26. Rf2 Bxc1 27. Nxc1 e3 28. Rf3 Nd2 29. Bxd2 exd2 30. N1e2 Bg4 31. Rf2 Be6 32. Qd1 Rcd8 33. Ne4 Qb2 34. Nc5 Bc4 35. Bf1 Qxa3 36. Rf4 Bxe2 37. Bxe2 Rxe2 38. Qxe2 d1=Q+ 39. Qxd1 Rxd1+ 40. Kf2 Qb2+ 0-1

[Event "Main Tournament (HTO)"]
[Site "Biel/Bienne"]
[Date "2023.07.19"]
[Round "3.13"]
[White "Jud, Marc"]
[Black "Mueller, Andrin"]
[Result "1/2-1/2"]
[WhiteElo "1906"]
[BlackElo "1738"]
[PlyCount "51"]
[EventDate "2023.07.17"]

1. e4 e5 2. Nf3 Nf6 3. Nxe5 d6 4. Nf3 Nxe4 5. Be2 Be7 6. d3 Nf6 7. O-O O-O 8. Nc3 Nc6 9. d4 d5 10. Ne5 Bd6 11. f4 Qe7 12. Kh1 Bf5 13. a3 Ne4 14. Nxe4 Bxe4 15. Bf3 Bxe5 16. fxe5 f6 17. exf6 Qxf6 18. Be3 Rae8 19. Qd2 Qg6 20. Bxe4 Qxe4 21. Rxf8+ Rxf8 22. Re1 Qf5 23. h3 Re8 24. b4 Nd8 25. Bf2 Rxe1+ 26. Bxe1 1/2-1/2

[Event "Main Tournament (HTO)"]
[Site "Biel/Bienne"]
[Date "2023.07.19"]
[Round "3.14"]
[White "Eschmann, Pascal"]
[Black "Zarriess, Benjamin"]
[Result "0-1"]
[WhiteElo "1902"]
[BlackElo "1698"]
[PlyCount "118"]
[EventDate "2023.07.17"]

1. d4 d5 2. Nf3 Nf6 3. Bf4 c5 4. e3 Nc6 5. c3 cxd4 6. exd4 Bf5 7. Bd3 Bxd3 8. Qxd3 e6 9. Nbd2 Bd6 10. Bg3 O-O 11. O-O Rb8 12. Ne5 Qc7 13. Rfe1 Nd7 14. Ndf3 Ncxe5 15. dxe5 Be7 16. Nd4 a6 17. a3 Rfc8 18. h4 Qd8 19. h5 h6 20. Qf3 Bh4 21. Bf4 Bg5 22. Re3 Nf8 23. Qg4 Bxf4 24. Qxf4 Nh7 25. Rg3 Ng5 26. Qg4 Qf8 27. f4 Ne4 28. Re3 b5 29. Rae1 a5 30. f5 exf5 31. Nxf5 Kh8 32. Ng3 Ng5 33. Nf5 Rc4 34. Qd1 Qc5 35. Nd4 Ne6 36. Nb3 Qb6 37. Qxd5 Rd8 38. Qf3 Ng5 39. Qf2 Rc7 40. Nd4 Ne6 41. Nxe6 Qxe6 42. Qe2 Rd5 43. Rd3 Rcd7 44. Rxd5 Rxd5 45. b4 axb4 46. axb4 Qc6 47. Qf3 Qe6 48. Qe4 Qd7 49. Re3 Qe6 50. Kf2 Rd2+ 51. Kf3 f5 52. Qa8+ Kh7 53. Qb7 Qc4 54. Re1 Rd3+ 55. Kf2 Qh4+ 56. Kf1 Rd2 57. Qb6 Qh1+ 58. Qg1 Qh4 59. e6 Qc4+ 0-1

[Event "Main Tournament (HTO)"]
[Site "Biel/Bienne"]
[Date "2023.07.19"]
[Round "3.15"]
[White "Bangerter, Daria"]
[Black "Corbat, Philippe"]
[Result "1-0"]
[WhiteElo "1802"]
[BlackElo "1880"]
[PlyCount "63"]
[EventDate "2023.07.17"]

1. e4 d5 2. exd5 Nf6 3. d4 Qxd5 4. Nc3 Qd6 5. Nf3 c6 6. Bc4 Bg4 7. Be3 Nbd7 8. h3 Bxf3 9. Qxf3 Nb6 10. Bb3 g6 11. O-O Bg7 12. Ne4 Qd8 13. Nc5 Qc8 14. Rfe1 O-O 15. Bg5 h6 16. Bh4 g5 17. Bg3 Re8 18. Ne6 Nbd5 19. Nxg7 Kxg7 20. Be5 Kg6 21. c4 Nb6 22. Bc2+ Kg7 23. Qd3 Rh8 24. Bxf6+ exf6 25. Re7 f5 26. d5 cxd5 27. Qd4+ Kg8 28. c5 Qf8 29. Rae1 Nc4 30. Qxd5 Nxb2 31. Qd4 Rc8 32. Qxb2 1-0

[Event "Main Tournament (HTO)"]
[Site "Biel/Bienne"]
[Date "2023.07.19"]
[Round "3.16"]
[White "Luethi, Walter"]
[Black "Lavorgna, Filippo"]
[Result "0-1"]
[WhiteElo "1641"]
[BlackElo "1867"]
[PlyCount "56"]
[EventDate "2023.07.17"]

1. e4 c6 2. d4 d5 3. Nc3 dxe4 4. Nxe4 Bf5 5. Ng3 Bg6 6. Nf3 Nd7 7. h4 h6 8. h5 Bh7 9. Bd3 Bxd3 10. Qxd3 e6 11. Bd2 Qc7 12. O-O-O O-O-O 13. c4 Ngf6 14. Ne4 Nxe4 15. Qxe4 Nf6 16. Qe2 c5 17. g3 cxd4 18. Bf4 Bd6 19. Bxd6 Rxd6 20. Rh4 Qa5 21. Kb1 Qf5+ 22. Ka1 d3 23. Qe3 Ng4 24. Rxg4 Qxg4 25. Rxd3 Rxd3 26. Qxd3 Rd8 27. Qb3 Qe4 28. a3 Rd3 0-1